Физики - лауреаты. Нобелевские премии за работы советских физиков

Detaylı Bibliyografya
Yazar: Баженов А. И. Алексей Иванович
Özet:На обл. автор.: А. И. Бажанов.
Dil:Rusça
Baskı/Yayın Bilgisi: Москва, Знание, 1971
Seri Bilgileri:Новое в жизни, науке, технике. Серия "Физика" № 11
Konular:
Materyal Türü: MixedMaterials Kitap
KOHA link:https://koha.lib.tpu.ru/cgi-bin/koha/opac-detail.pl?biblionumber=252972

MARC

LEADER 00000nam0a2200000 4500
001 252972
005 20231101232811.0
035 |a (RuTPU)RU\TPU\book\275339 
090 |a 252972 
100 |a 20140306d1971 m y0rusy50 ca 
101 0 |a rus 
102 |a RU 
105 |a a z 000zd 
200 1 |a Физики - лауреаты. Нобелевские премии за работы советских физиков  |f А. И. Баженов 
210 |a Москва  |c Знание  |d 1971 
215 |a 47 с.  |c ил. 
225 1 |a Новое в жизни, науке, технике. Серия "Физика"  |v № 11 
300 |a На обл. автор.: А. И. Бажанов. 
600 1 |a Тамм  |g Игорь Евгеньевич  |b И. Е.  |c российский физик-теоретик  |f 1895-1971  |2 stltpush  |3 (RuTPU)RU\TPU\pers\1086 
600 1 |a Франк  |b И. М.  |c российский физик  |c академик АН СССР  |f 1908-1990  |g Илья Михайлович  |2 stltpush  |3 (RuTPU)RU\TPU\pers\11890  |9 2999 
600 1 |a Черенков  |b П. А.  |f 1904-1990  |g Павел Алексеевич  |c российский физик  |c нобелевский лауреат  |2 stltpush  |3 (RuTPU)RU\TPU\pers\11268 
600 1 |a Ландау  |b Л. Д.  |c российский физик-теоретик  |c академик АН СССР  |f 1908-1968  |g Лев Давидович  |2 stltpush  |3 (RuTPU)RU\TPU\pers\216  |9 111 
600 1 |a Басов  |b Н. Г.  |c российский физик  |f 1922-2001  |g Николай Геннадьевич  |2 stltpush  |3 (RuTPU)RU\TPU\pers\17096  |9 6236 
600 1 |a Прохоров  |b А. М.  |f 1916-2001  |g Александр Михайлович  |c российский физик  |c академик РАН  |2 stltpush  |3 (RuTPU)RU\TPU\pers\4396 
600 1 |a Резерфорд  |g Эрнест  |b Э.  |c английский физик  |f 1871-1937  |c Нобелевский лауреат  |2 stltpush  |3 (RuTPU)RU\TPU\pers\1892 
600 1 |a Рентген  |b В. К.  |c немецкий физик  |f 1845-1923  |g Вильгельм Конрад  |2 stltpush  |3 (RuTPU)RU\TPU\pers\4386  |9 985 
600 1 |a Лоренц (Лорентц)  |b Г. (Х.) А.  |c нидерландский физик  |f 1853-1928  |g Гендрик (Хендрик) Антон  |c лауреат Нобелевской премии  |2 stltpush  |3 (RuTPU)RU\TPU\pers\13529 
600 1 |a Беккерель  |b А. А.  |c французский физик  |f 1852-1908  |g Анри Антуан  |2 stltpush  |3 (RuTPU)RU\TPU\pers\15590  |9 5401 
600 1 |a Кюри  |b П.  |c французский физик  |c член Парижской АН  |f 1859-1906  |g Пьер  |2 stltpush  |3 (RuTPU)RU\TPU\pers\12088  |9 3158 
600 1 |a Склодовская-Кюри  |g Мария  |b М.  |c французский физик  |c химик  |f 1876-1934  |c Нобелевский лауреат  |2 stltpush  |3 (RuTPU)RU\TPU\pers\1471 
600 1 |a Рэлей (Рейли)  |b Д. У.  |c барон  |c до получения титула - Стретт  |c английский физик  |f 1842-1919  |g Джон Уильям  |2 stltpush  |3 (RuTPU)RU\TPU\pers\6479 
606 1 |a Физики  |x Персоналии  |2 stltpush  |3 (RuTPU)RU\TPU\subj\67452  |9 83245 
610 1 |a физика 
610 1 |a ученые 
610 1 |a Нобелевские премии 
610 1 |a Нобелевские лауреаты 
675 |a 53(09)  |v 3 
700 1 |a Баженов  |b А. И.  |g Алексей Иванович 
801 1 |a RU  |b 63413507  |c 20140306 
801 2 |a RU  |b 63413507  |c 20221226  |g RCR 
942 |c BK